000 00892cam a2200253 4500
008 090401t1988 xxu||||| |||| 00| 0 eng d
020 _a0907004903
035 _a(Sirsi) u47155
041 _aeng
050 _a711.5520212
110 _aBoard of Inland Revenue
_bValuation Office
_91068
245 _aCommercial and industrial floorspace statistics : England 1983-1986:changes April 1983 to March 1986, estimated stock as at 1 April 1986
260 _aLondon
_bHillier Parker May and Rowden
_c1988
300 _a76p. ; 21x30cm.
350 _a0
520 _aUpdates the 1982-1985 statistics produced by the Department of the Environment q.v. Series now discontinued.
650 _aPROPERTY-COMMERCIAL PROPERTY
650 _aFLOORSPACE
650 _aINDUSTRIAL PROPERTY
650 _aSTATISTICS
710 _aHillier Parker Research
_92002
942 _n0
948 _c04/03/1997
999 _c92077
_d92077